000 00304nam a22001337a 4500
020 _qPB.
040 _cFIZZA ISHAQ
082 _a005.42
_bLEL
100 _aBECK,L.LELAND.
_991015
245 _aSYSTEM SOFTWARE /
_cLELAND L.BECK.
260 _aADDISION ;
_c1997.
300 _a519 P. ;
942 _2ddc
_cBK
999 _c589215
_d589215